00587 2200181 4500001002100000005001500021035002000036007000300056008004100059082000800100084001400108245008600122250001100208260006900219300003700288110005100325856002900376INLIS00000000000124820260401101530 a0010-0426000002ta260401 e 0 ind  a635 a635 DIR b1 aBudidaya Sayuran Daun dan Tunas /cDirektorat Jenderal Bina Produksi Holtikultura acet. 1 aJakarta :bDirektorat Jenderal Bina Produksi Holtikultura,c2004 a29 hlm :bi 29 hlm;ilus ;c23 cm0 aDirektorat Jenderal Bina Produksi Holtikultura aBalai Perpustakaan Bogor